| 000 | 00550nam a2200181 i 4500 | ||
|---|---|---|---|
| 001 | 58487 | ||
| 003 | ES-MaACL | ||
| 007 | t| | ||
| 008 | 031022s1926 fr ||||1| fre d | ||
| 100 | 1 |
_aDwelshauvers, Georges. _946402 |
|
| 245 | 1 | 3 |
_aLa catalogne et le probléme catalán / _cpar Georges Dwelshauvers. |
| 260 |
_aParis : _bAlcan, _c1926. |
||
| 300 |
_aVIII, 236 p. ; _c19 cm. |
||
| 490 | 1 | _aBibliothèque d'histoire contemporaine | |
| 830 | 0 |
_aBibliothèque d'histoire contemporaine _9180875 |
|
| 852 |
_aES-MaACL _jG-7219 |
||
| 999 |
_c58487 _d58487 |
||